000 01146nam a2200373 c 4500
001 21237
003 ES-MaCES
005 20170201120443.0
008 080624s2008 xxud s i000 | eng d
020 _a9780821374139
020 _a9780821374146 (eISBN)
035 _aCES20080006297m
040 _aES-MaCES
_bspa
_cES-MaCES
245 0 0 _aMigration and remittances
_b: factbook 2008
260 _aWashington, D.C.
_bWorld Bank
_c[2008]
300 _aXIV, 240 p.
_bgráf. col.
_c23 cm
504 _aBibliografía: p. XIII-XIV
541 _cCompra
650 4 _amigración internacional
_929805
650 4 _ainmigración
_928632
650 4 _aemigración
_928629
650 4 _aremesa de dinero
_929646
650 4 _aingreso nacional
_927089
650 4 _aindicador económico
_927073
650 4 _apaís en desarrollo
_927092
650 4 _apaís desarrollado
_927091
650 4 _a2008
_931908
650 4 _adatos estadísticos
_930765
653 1 0 _aEstadísticas económico-sociales
710 2 _91604
_aBanco Mundial
_eed.
902 _aLIB Libro
942 _2CES
_cBK
_h8.2.
999 _c21237
_d21237